000 02864nam a22003137a 4500
003 URS
005 20251023082127.0
008 250909b ||||| |||| 00| 0 eng d
040 _cURS
043 _aURS
245 _aMathematical Analysis of Waiting Time of Transaction Services in University of Rizal System-Morong Campus
_b/ Tiburcio, Prince William T.... [et al.].
260 _cNovember 2024
300 _a74 leaves :
_billustrations ;
_c28 cm.
336 _2rdacontent
_atext
337 _2rdamedia
_aunmediated
338 _2rdacarrier
_avolume
502 _aThesis
_bBachelor of Science in Mathematics
_cUniversity of Rizal System-Morong
_d2024
520 _aThis research reiterates the analysis of the waiting line or queue and waiting time of the customers at the registrar's office, utilizing the appropriate queueing model system to determine the behavior of the queue and the efficiency of the transaction services. The study explores the observation regarding the arrivals and departures of the customers, how the arrival patterns differ from each week, and the variability that affects the queueing management. The summary of results presented the calculated parameters, which include the arrival and service rate of the customers arriving and waiting to be served in the queue, along with the extensive components involving the calculation of the average number of customers in the waiting line, the average number of customers in the system, including those who wait in the queue, the average waiting time of the customers in the queue, and the average time spent in the system. The thorough calculation of the server utilization factor determines the intensity in the working process of the server in Window 1, and also, the probability of having zero customers in the system indicates the percentage of how the system is being idled. The study further investigates the pertinent queueing model to minimize the waiting time of the customers and managing the queue length. Additionally, this research requires a greater extent with regard to analyzing other related queueing systems to ascertain a suitable queueing model and to improve the field and efficiency of the queueing management system.
700 _aTiburcio, Prince William T.
_eauthor
700 _aArabit, Bernadette A.
_eauthor
700 _aBernardo, John Philip H.
_eauthor
700 _aBongon, Mark Dymbert M.
_eauthor
700 _aDames, Michael Grace F.
_eauthor
700 1 _aDela Cruz, Shiela Marie F.
_edegree supervisor
856 _3Online Request for Student Unpublished Works
_uhttps://forms.gle/iwQgJ2wFRviEt3BA8
856 _3Link to View Online
_uhttps://drive.google.com/drive/folders/10Xrjv5iKCh0t1MYryFHiNDJPvuiblRK8?usp=drive_link
856 _uhttps://drive.google.com/file/d/1S09oReKib8gcr67YbGLaSpFp_eK7q_Z9/view?usp=drive_link
942 _2lcc
_cT
999 _c86008
_d86006